| 000 | 00641nam a2200277Ia 4500 | ||
|---|---|---|---|
| 005 | 20260320195900.0 | ||
| 008 | 008 262003s9999 xx 000 0 hin d | ||
| 020 | _a9788126729753 | ||
| 037 | _aEBOOK | ||
| 040 | _aCRL | ||
| 040 | _bhin | ||
| 040 | _cCRL | ||
| 041 | _2hin | ||
| 041 | _ahin | ||
| 084 | _qCRL | ||
| 100 | _aअखिलेश 'भोपाल' | ||
| 245 | 0 | _aशीर्षक नहीं | |
| 250 | _a1st | ||
| 260 | _bRajkamal | ||
| 260 | _c2017 | ||
| 300 | _a135 | ||
| 856 | _uhttps://ebook.indiaread.in/pdfs/9788126729753.pdf | ||
| 942 | _cEBOOK | ||
| 999 |
_c1716995 _d1716995 |
||